World Series Starters 1960-1989 - Statistics

General Stats
  • This quiz has been taken 76 times
  • The average score is 76 of 257
Answer Stats
Hint Answer % Correct
Kirk Gibson
80%
Reggie Jackson
80%
Jose Canseco
78%
Pete Rose
78%
Willie Stargell
78%
1975 Cincinnati Reds | 1976 Cincinnati Reds Johnny Bench
76%
Mark McGwire
76%
George Brett
75%
Rickey Henderson
75%
Joe Morgan
73%
Mickey Mantle
73%
Mike Schmidt
73%
Ozzie Smith
73%
Brooks Robinson
71%
Frank Robinson
71%
Roberto Clemente
71%
Keith Hernandez
69%
Willie Wilson
69%
Cal Ripken Jr.
67%
Darryl Strawberry
67%
Dave Parker
67%
Mookie Wilson
67%
Alan Trammell
65%
George Foster
65%
Kirby Puckett
65%
Roger Maris
65%
Tony Perez
65%
Eddie Murray
63%
1986 New York Mets Gary Carter
63%
1977 New York Yankees | 1978 New York Yankees Thurman Munson
63%
Davey Johnson
61%
Graig Nettles
61%
Lou Brock
61%
Dave Concepcion
59%
Lou Whitaker
59%
1961 New York Yankees Yogi Berra
59%
Ken Griffey
57%
Steve Garvey
57%
Bucky Dent
55%
Al Kaline
53%
Bill White
53%
Kent Hrbek
53%
Ray Knight
53%
Ron Cey
53%
Walt Weiss
53%
Willie Randolph
51%
Frank White
49%
1984 Detroit Tigers Lance Parrish
49%
Dave Cash
47%
1962 New York Yankees Elston Howard
47%
Norm Cash
45%
Tommy Davis
45%
Bobby Richardson
43%
Gary Gaetti
43%
Steve Sax
43%
Boog Powell
41%
Ken Boyer
41%
Willie Davis
41%
Bert Campaneris
39%
Bill Mazeroski
39%
Darrell Evans
39%
Willie McGee
39%
Bill Madlock
35%
Lenny Dykstra
35%
Maury Wills
35%
Wally Backman
35%
Al Oliver
33%
Bill Russell
33%
Willie Horton
33%
Al Bumbry
31%
1968 Detroit Tigers Bill Freehan
31%
Chet Lemon
31%
Curt Flood
31%
1988 Los Angeles Dodgers Mike Scioscia
31%
Dick Groat
29%
Dusty Baker
29%
Mickey Rivers
29%
Mike Davis
29%
Lou Piniella
27%
Matty Alou
27%
Mike Marshall
27%
Rafael Santana
27%
Don Baylor
22%
Mark Belanger
22%
Pedro Guerrero
22%
1989 Oakland A's Terry Steinbach
22%
Gene Tenace
20%
Jim Northrup
20%
Carney Lansford
18%
Cesar Geronimo
18%
Dick McAuliffe
18%
Dick Stuart
18%
Joe Rudi
18%
Rick Monday
18%
Sal Bando
18%
Chris Chambliss
16%
1982 St. Louis Cardinals Darrell Porter
16%
Dave Henderson
16%
1985 Kansas City Royals Jim Sundberg
16%
Lonnie Smith
16%
Orlando Cepeda
16%
Paul Blair
16%
1983 Baltimore Orioles Rick Dempsey
16%
Steve Balboni
16%
Bake McBride
14%
Bill North
14%
1980 Philadelphia Phillies Bob Boone
14%
Brian Doyle
14%
Dan Driessen
14%
Davey Lopes
14%
Garry Maddox
14%
George Hendrick
14%
Greg Gagne
14%
Larry Bowa
14%
1971 Pittsburgh Pirates Manny Sanguillen
14%
Manny Trillo
14%
Roy White
14%
1981 Los Angeles Dodgers Steve Yeager
14%
Dick Green
12%
Omar Moreno
12%
Phil Garner
12%
Tom Brunansky
12%
Bill Robinson
10%
Cleon Jones
10%
Dan Gladden
10%
1970 Baltimore Orioles Elrod Hendricks
10%
1969 New York Mets Jerry Grote
10%
Jim Gilliam
10%
Ken Oberkfell
10%
Larry Herndon
10%
Luis Aparicio
10%
Tim Foli
10%
Tommie Agee
10%
1966 Baltimore Orioles Andy Etchebarren
8%
Bob Robertson
8%
Buddy Biancalana
8%
Bud Harrelson
8%
Claudell Washington
8%
Don Buford
8%
Donn Clendenon
8%
John Shelby
8%
Lee Lacy
8%
1973 Oakland A's | 1974 Oakland A's Ray Fosse
8%
Rich Dauer
8%
1964 St. Louis Cardinals | 1967 St. Louis Cardinals Tim McCarver
8%
Tom Herr
8%
Tony Kubek
8%
Tony Phillips
8%
Dal Maxvill
6%
Dan Ford
6%
Dave Bergman
6%
Ed Armbrister
6%
Ed Charles
6%
Greg Gross
6%
Jackie Hernandez
6%
John Lowenstein
6%
Mickey Stanley
6%
Mike Epstein
6%
Mike Shannon
6%
Ron Fairly
6%
Ron Swoboda
6%
1979 Pittsburgh Pirates Steve Nicosia
6%
Barbaro Garbey
4%
Bill Virdon
4%
Clete Boyer
4%
Danny Heep
4%
David Green
4%
Don Hoak
4%
Don Wert
4%
Gary Roenicke
4%
Jeff Hamilton
4%
Jim Spencer
4%
Jose Pagan
4%
Julian Javier
4%
Mickey Hatcher
4%
Pat Sheridan
4%
1960 Pittsburgh Pirates Smoky Burgess
4%
1987 Minnesota Twins Tim Laudner
4%
Tom Tresh
4%
Alfredo Griffin
2%
Al Weis
2%
Bill Skowron
2%
Curt Blefary
2%
Darryl Motley
2%
Derrel Thomas
2%
Dick Tracewski
2%
Franklin Stubbs
2%
Gino Cimoli
2%
Hector Lopez
2%
Jesus Alou
2%
Johnny Blanchard
2%
1963 Los Angeles Dodgers | 1965 Los Angeles Dodgers John Roseboro
2%
Lou Johnson
2%
Steve Lombardozzi
2%
Todd Cruz
2%
Vic Davalillo
2%
Wes Packer
0%
No matching quizzes found
Score Distribution
Percent of People with Each Score
Percentile by Number Answered
Your Score History
You have not taken this quiz